Derecho Administrativo (Registro nro. 7992)

Detalles MARC
000 -LEADER
fixed length control field 02719nam a2200217Ia 4500
005 - FECHA Y HORA DE LA ÚLTIMA TRANSACCIÓN
control field 20230430112047.0
008 - FIXED-LENGTH DATA ELEMENTS--GENERAL INFORMATION
fixed length control field 230427s9999 xx 000 0 und d
020 ## - INTERNATIONAL STANDARD BOOK NUMBER
International Standard Book Number 970-07-6589-x
040 ## - CATALOGING SOURCE
Original cataloging agency UPAN
Transcribing agency Biblioteca San Vicente
Description conventions RCAA2
041 ## - LANGUAGE CODE
Language code of text/sound track or separate title spa
082 ## - DEWEY DECIMAL CLASSIFICATION NUMBER
Classification number 342.06
Item number S487d
100 ## - MAIN ENTRY--PERSONAL NAME
Personal name Rojas Serra, Andres
Relator code aut.
245 #0 - TITLE STATEMENT
Title Derecho Administrativo
Remainder of title Doctrina, legislación y jurisprudencia
Statement of responsibility, etc Andrés Serra Rojas
250 ## - EDITION STATEMENT
Edition statement 25° ed.
260 ## - PUBLICATION, DISTRIBUTION, ETC. (IMPRINT)
Place of publication, distribution, etc México:
Name of publisher, distributor, etc Porrúa,
Date of publication, distribution, etc 2008
300 ## - PHYSICAL DESCRIPTION
Extent 900 p.;
Dimensions 23 cm.
505 ## - FORMATTED CONTENTS NOTE
Formatted contents note Primera parte: Las finanzas del estado<br/>Titulo primero: El regimen financiero federal<br/>Capitulo I:El presupuesto general de la federación<br/>Capitulo II: Los ingresos de la federación<br/>Capitulo III: La ejecución de la ley de ingresos de la federación<br/>Capitulo IV: El presupuesto de egresos de la federación<br/>Capitulo V: La contabilidad publica<br/>Capitulo VI: El empréstito y la deuda publica<br/>Titulo segundo: El regimen patrimonial del Estado <br/>Capitulo I: El patrimonio del Estado<br/>Capitulo II: Los bienes de dominio publico de la federación<br/>Capitulo III: Los bienes del dominio privado dela federación<br/>Capitulo IV: La concesión administrativa<br/>Titulo Tercero: Los modos de adquisición de dominio<br/>Titulo cuarto: La organización económica del estado<br/>Capitulo I: Economía y derecho<br/>Capitulo II: Competencia económica<br/>Capitulo III: Los monopolios em la legislación administrativa Mexicana<br/>Capitulo IV: La legislación administrativa y las inversiones extranjeras en México<br/>Segunda Parte: Los medios de acción de la administración publica<br/>Titulo quinto: El Régimen de policía<br/>Capitulo I: La función y organización del régimen de policía<br/>Capitulo II: El derecho penal administrativo o regimen de las sanciones administrativas <br/>Tercera parte: Teoría general de las obligaciones administrativas<br/>Titulo sexto: El régimen de las obligaciones administrativas<br/>Capitulo I: Los contratos administrativos<br/>Capitulo II: El contrato de obra publica<br/>Capitulo III: El contrato de suministros o de abastecimiento<br/>Cuarta parte: La justicia administrativa<br/>Titulo séptimo: Las defensas juridicas de los particulares<br/>Capitulo I: Los recursos administrativos<br/>Capitulo II: El estado ante los tribunales<br/>Capitulo III: El contencioso administrativo<br/>Capitulo IV: El contencioso administrativo en México<br/>Capitulo V: El tribunal fiscal de la federación <br/>Quinta parte: La responsabilidad del Estado<br/>Titulo octavo: principios generales<br/>Capitulo I: La responsabilidad del estado moderno<br/>Capitulo II: De las responsabilidades de los servidores públicos.<br/><br/>
650 ## - SUBJECT ADDED ENTRY--TOPICAL TERM
Source of heading or term LEMB
General subdivision Derecho Administrativo
650 ## - SUBJECT ADDED ENTRY--TOPICAL TERM
Source of heading or term LEMB
General subdivision Actos administrativos
942 ## - ADDED ENTRY ELEMENTS (KOHA)
Koha item type Libros
Source of classification or shelving scheme Dewey Decimal Classification
Existencias
Withdrawn status Lost status Source of classification or shelving scheme Damaged status Not for loan Collection code Home library Current library Date acquired Total Checkouts Full call number Barcode Date last seen Price effective from Koha item type Copy number
    Dewey Decimal Classification     Colección General Biblioteca UPAN San Vicente Biblioteca UPAN San Vicente 27/04/2023   342.06 S487d 12002585 27/04/2023 27/04/2023 Libros  
    Dewey Decimal Classification     Colección General Biblioteca UPAN San Vicente Biblioteca UPAN San Vicente 30/04/2023   342.06 S487d 12002584 30/04/2023 30/04/2023 Libros 01
    Dewey Decimal Classification     Colección General Biblioteca UPAN San Vicente Biblioteca UPAN San Vicente 30/04/2023   342.06 S487d 12002586 30/04/2023 30/04/2023 Libros 02